000 00297nam a22001337a 4500
008 170821b xxu||||| |||| 00| 0 eng d
020 _a0395332885
041 _aeng
080 _a51
100 _a37
101 _aMAT
245 _aCOLLEGE ALGEBRA AND TRIGONOMETRY
_cKELLY,T.J
942 _2udc
_cBK
999 _c24417
_d24417